Houve mô mais poderosa?

Detalles Bibliográficos
Autor principal: Gomes, David
Formato: eBook
Lenguaje:portugués
Publicado: Belo Horizonte: Initia Via Editora, 2015
Materias:
Acceso en línea:Acceso restringido

MARC

LEADER 00000nam a22000007a 4500
005 20210422233433.0
007 cr|||| ||||
008 210422s2015 br |||||s|||| 00||0 por d
020 |a 978-85-64912-52-6 
035 |a 33088 
040 |a vLex 
090 |c 11507  |d 11507 
100 1 |a Gomes, David 
245 1 0 |a Houve mô mais poderosa?  |h [Recurso electrn̤ico] /  |c David Gomes 
256 |a Servicio en ln̕ea 
260 |a Belo Horizonte:  |b Initia Via Editora,  |c 2015 
300 |a 1 recurso electrn̤ico 
506 1 |a Disponible solo en los productos indicados  |d vLex Global  |d vLex Global (Academic Edition, excluding Law Schools)  |d vLex Global (U.S. Academic Edition, Law Schools)  |d vLex Global (U.S. Academic Edition, excluding Law Schools)  |d vLex Global (Academic Edition, Law Schools) 
650 0 4 |a Ciencias sociales  |z Brasil 
740 0 |a vLex Libros (Servicio en ln̕ea) 
856 4 0 |u https://vlex.com/source/houve-m-o-mais-poderosa-33088  |z Acceso restringido 
942 |c BOOK 
999 0 |a Social Sciences